| 000 | 00580nam a2200241 a 4500 | ||
|---|---|---|---|
| 001 | nice12345678 | ||
| 003 | IN_TiNIC | ||
| 005 | 20260116012204.0 | ||
| 008 | 050524s1971 lona grp 000 0 eng | ||
| 020 |
_a _c3.75 |
||
| 082 | 0 | 0 |
_a297.122 _bCRA1 |
| 100 | _aCragg, Kenneth | ||
| 245 | _aEvent of the Qur`an. | ||
| 260 |
_aLondon _bGeorge Allen and Unwin Ltd _c1971 |
||
| 300 | _a208p. | ||
| 500 | _aincludes index and biblioraphy | ||
| 505 | 2 | _aIndex | |
| 650 | _aQuran-Appreciation | ||
| 700 | 1 | _aCragg, Kenneth | |
| 902 | _bSRS | ||
| 942 | _cBK | ||
| 999 |
_c6002 _d6002 |
||